Bundesliga Jahrestabelle 2023 - Statistiken

Allgemein
  • Dieses Quiz wurde 391 mal gespielt
  • Das Durchschnittsergebnis liegt bei 11 aus 20
Antwortstatistiken
Punkte Spiele Verein % Korrekt
75 34 FC Bayern München
100%
74 35 Bayer Leverkusen
86%
73 35 Borussia Dortmund
86%
71 35 RB Leipzig
83%
53 35 VfB Stuttgart
66%
53 35 SC Freiburg
59%
47 35 Eintracht Frankfurt
54%
48 34 Union Berlin
53%
45 35 VfL Wolfsburg
49%
10 16 SV Darmstadt 98
47%
42 35 TSG Hoffenheim
46%
20 16 1.FC Heidenheim
44%
37 35 1. FSV Mainz 05
43%
35 35 1. FC Köln
41%
37 35 FC Augsburg
41%
15 19 Hertha BSC
41%
22 19 FC Schalke 04
39%
31 35 Werder Bremen
39%
38 35 VfL Bochum
38%
38 35 Borussia Mönchengladbach
34%
Keine übereinstimmenden Quizze gefunden
Verteilung der Resultate
Anzahl Personen mit jedem Resultat
Perzentil nach korrekt beantworteten Fragen
Ihre Resultats-Entwicklung
Sie haben dieses Quiz noch nicht gespielt